Statistics for Countries In Their Script

Click here to take the quiz!

General Stats

  • This quiz has been taken 178 times
    (171 since last reset)
  • The average score is 14 of 18

Answer Stats

NativeEnglishScript% Correct
中国ChinaChinese
99%
Росси́яRussiaCyrillic
99%
日本JapanKanji (Japanese)
98%
भारतIndiaSanskrit
97%
대한민국South KoreaKorean
96%
ΕλλάδαGreeceGreek
93%
ราชอาณาจักรไทยThailandThai
93%
ٱلْمَمْلَكَة ٱلْعَرَبِيَّة ٱلسَّعُوْدِيَّةSaudi ArabiaArabic
90%
יִשְׂרָאֵלIsraelHebrew
86%
កម្ពុជាCambodiaKhmer
74%
ኢትዮጵያEthiopiaAmharic
71%
საქართველოGeorgiaMkhedruli
71%
မြန်မာMyanmarBurmese
71%
ՀայաստանArmeniaArmenian
70%
இலங்கைSri LankaTamil
69%
ᠮᠣᠩᠭᠣᠯ ᠤᠯᠤᠰMongoliaMongolian
54%
ދިވެހިރާއްޖެMaldivesDhivehi
46%
ⵍⵎⵖⵔⵉⴱMoroccoBerber
46%

Score Distribution

Percentile by Number Answered

Percent of People with Each Score

Your Score History

You have not taken this quiz since the last reset